Hurtful words

Bibliographic Details
Main Author: Baker, Rann
Corporate Author: Title
Format: Book
Published: Kuala Lumpur : Jurus Prinsip , 2006
Series:Bright hope moral series
Subjects:

MARC

LEADER 00000cam a2200000 7i4500
001 0000001617
005 20151222.0
008 070706
020 |a 9833547168(set) 
020 |a 9833547249 
090 0 0 |a JF   |b MOR ENG (1924) 
100 1 |a Baker, Rann 
245 1 0 |a Hurtful words   |c Rann Baker 
260 |a Kuala Lumpur :   |b Jurus Prinsip ,   |c 2006 
440 0 |a Bright hope moral series 
500 |a Children ages 7-9 years old (orange) 
650 0 |a Junior fiction   |x English   |x Languages 
650 0 |a Moral 
710 0 |a Title 
999 |a 0000913940   |b Book   |c Teenagers   |e Cawangan Bandar Tenggara 
999 |a 0000913941   |b Book   |c Teenagers   |e Cawangan Bandar Tenggara 
999 |a 0000965150   |b Book   |c Children Collection   |e Perbadanan Perpustakaan Awam Johor 
999 |a 0000965151   |b Book   |c Children Collection   |e Cawangan Segamat 
999 |a 0000965152   |b Book   |c Children Collection   |e Perbadanan Perpustakaan Awam Johor 
999 |a 0000965153   |b Book   |c Children Collection   |e Perbadanan Perpustakaan Awam Johor